Statystyki dla Miasta we Francji

Kliknij tutaj aby rozwiązać quiz!

Ogólne statystyki

  • Ten quiz został rozwiązany 80 razy
  • Średni wynik to 7 z 10

Statystyki odpowiedzi

LudnośćMiasto% Poprawnych
2 187 526Paryż
99%
863 310Marsylia
96%
516 092Lyon
93%
340 017Nicea
82%
254 436Bordeaux
70%
479 553Tuluza
63%
280 966Strasburg
62%
232 787Lille
52%
309 346Nantes
52%
285 121Montpellier
45%

Rozkład punktacji

Percentyl według liczby udzielonych odpowiedzi

Procent ludzi z każdym wynikiem

Twoja historia wyników

Nie rozwiązałeś tego quizu